Zdroj príjmov z činností vykazovaných na území SR a medzinárodné zmluvy o zamedzení dvojitého zdanenia
Základné skutočnosti vzniku daňového vzťahu subjektu k štátu. Určenie rozsahu daňovej povinnosti. Zdroj príjmov. Stála prevádzkareň. Potvrdenie o zaplatení dane. Praktické príklady.
Uložené v:
| Hlavný autor: | |
|---|---|
| Médium: | Kapitola |
| Jazyk: | Slovak |
| Predmet: | |
| Tagy: |
Žiadne tagy, Buďte prvý, kto otaguje tento záznam!
|
MARC
| LEADER | 00000naa$a2200000$$$4500 | ||
|---|---|---|---|
| 001 | 0005821 | ||
| 005 | 20231109111331.0 | ||
| 041 | 0 | |a slo | |
| 044 | |a SK | ||
| 245 | 1 | 0 | |a Zdroj príjmov z činností vykazovaných na území SR a medzinárodné zmluvy o zamedzení dvojitého zdanenia |c aut. Jana Borčíková |
| 520 | |a Základné skutočnosti vzniku daňového vzťahu subjektu k štátu. Určenie rozsahu daňovej povinnosti. Zdroj príjmov. Stála prevádzkareň. Potvrdenie o zaplatení dane. Praktické príklady. | ||
| 610 | 2 | 0 | |a zmluvy medzinárodné |
| 610 | 2 | 0 | |a dane z príjmov |
| 610 | 2 | 0 | |a zdanenie dvojité |
| 610 | 2 | 0 | |a prevádzky |
| 610 | 2 | 0 | |a povinnosť daňová |
| 610 | 2 | 0 | |a osoby fyzické |
| 610 | 2 | 0 | |a osoby právnické |
| 100 | 1 | |a Borčíková, Jana | |